Normal view
MARC view
Entry Personal Name
001 - CONTROL NUMBER
- control field: 1238818
003 - CONTROL NUMBER IDENTIFIER
- control field: OSt
005 - DATE AND TIME OF LATEST TRANSACTION
- control field: 20260508105949.0
008 - FIXED-LENGTH DATA ELEMENTS
- fixed length control field: 260508|| aca||aabn | a|a d
040 ## - CATALOGING SOURCE
- Original cataloging agency: OSt
- Transcribing agency: OSt
100 ## - HEADING--PERSONAL NAME
- Personal name: John L. Schmitz
670 ## - SOURCE DATA FOUND
- Source citation: Work cat.: (OSt)1851151: John L. Schmitz, Manual of Molecular and Clinical Laboratory Immunology: 2 Volume Set,, 2025
